| 000 | 01149nam a22003257a 4500 | ||
|---|---|---|---|
| 005 | 20220329141226.0 | ||
| 008 | 971010s1982 r 00010 d | ||
| 010 | _a64715 | ||
| 011 | _a65687 | ||
| 035 | _a72965 | ||
| 090 | _aTesis | ||
| 100 | 0 | 0 |
_aHochstrasser Pimentel, Luis Mauro. _955720 |
| 245 | _aNivel de capitalización del desarrollo agrícola en el estado de Colima | ||
| 260 |
_aMéxico : _bEl autor, _c1982 |
||
| 300 | _ap. 56-179 | ||
| 500 | _a1992-26 | ||
| 502 | _aTesis (Lic. en Economía)-- UNAM. Fac. de Economía | ||
| 590 |
_aALEPH _b10 _c20130110 _lUCH01 _h1353 |
||
| 590 |
_aBATCH-UPD _b10 _c20130109 _lUCH01 _h2331 |
||
| 590 |
_aBATCH-UPD _b10 _c20130110 _lUCH01 _h0717 |
||
| 590 |
_aBATCH-UPD _b10 _c20130110 _lUCH01 _h2335 |
||
| 590 |
_aBATCH-UPD _b10 _c20130410 _lUCH01 _h0402 |
||
| 590 |
_aBATCH-UPD _b10 _c20130913 _lUCH01 _h2007 |
||
| 590 |
_aCONVERSION _b10 _c20130109 _lUCH01 _h1335 |
||
| 650 | 1 | 4 |
_aAgricultura _xAspectos económicos _xColima. _91230 |
| 650 | 1 | 4 |
_aAgricultura _xAspectos económicos _xColima. _91230 |
| 650 | 1 | 4 |
_aCapital en agricultura. _918710 |
| 901 | _aBK | ||
| 949 |
_bCR _cTESBD _d-5716 _eTS1 _h95 _i72965 _si |
||
| 999 |
_c64715 _d64715 |
||